[Event "Reykjavik op"]
[Site "Reykjavik"]
[Date "2023.03.30"]
[Round "2"]
[White "Kasims, Stefans"]
[Black "Surace, Christopher"]
[Result "1-0"]
[WhiteElo "1753"]
[BlackElo "1413"]
[PlyCount "37"]
[EventDate "2023.03.29"]
[EventType "swiss"]
[EventRounds "9"]
[EventCountry "ISL"]
[SourceTitle "CBM 213 Extra"]
[Source "ChessBase"]
[SourceDate "2023.05.31"]
[SourceVersion "1"]
[SourceVersionDate "2023.05.31"]
[SourceQuality "1"]

1. e4 c6 2. d4 d5 3. f3 e6 4. Nc3 Bb4 5. a3 Bxc3+ 6. bxc3 dxe4 7. Nh3 exf3 8. Qxf3 Qf6 9. Qg3 h6 10. Bd3 Ne7 11. Bf4 Nd7 12. 0-0 Nf5 13. Bxf5 exf5 14. Bd6 Nf8 15. Rae1+ Be6 16. Be5 Qg6 17. Qxg6 fxg6 18. Bxg7 Rg8 19. Bxf8 1-0

[Event "Reykjavik op"]
[Site "Reykjavik"]
[Date "2023.03.29"]
[Round "1"]
[White "Surace, Christopher"]
[Black "Krumm, Arthur"]
[Result "1/2-1/2"]
[WhiteElo "1413"]
[BlackElo "1843"]
[PlyCount "83"]
[EventDate "2023.03.29"]
[EventType "swiss"]
[EventRounds "9"]
[EventCountry "ISL"]
[SourceTitle "CBM 213 Extra"]
[Source "ChessBase"]
[SourceDate "2023.05.31"]
[SourceVersion "1"]
[SourceVersionDate "2023.05.31"]
[SourceQuality "1"]

1. c4 f5 2. g3 d6 3. Bg2 e5 4. Nc3 Nf6 5. d3 Be7 6. Nf3 0-0 7. 0-0 c6 8. e4 Qe8 9. b3 Qh5 10. Nd2 Qxd1 11. Rxd1 Na6 12. Ba3 Rb8 13. Nf1 Nc7 14. d4 exd4 15. Rxd4 c5 16. Rd2 b5 17. cxb5 Nxb5 18. Nxb5 Rxb5 19. exf5 Bxf5 20. Re1 Kf7 21. Ne3 Be6 22. Rde2 Ra5 23. Bc1 Bd8 24. Rd1 Ra6 25. Red2 Be7 26. Rd3 Rxa2 27. Nc4 Bxc4 28. bxc4 Rc2 29. Bf4 Rxc4 30. Bxd6 Rd8 31. Bxe7 Rxd3 32. Rxd3 Kxe7 33. Ra3 Rc1+ 34. Bf1 Ng4 35. Rxa7+ Kf6 36. h3 Ne5 37. Kg2 Rc2 38. Ra6+ Kf5 39. Ra7 Kg6 40. Ra6+ Kg5 41. Ra7 Kh6 42. Ra6+ 1/2-1/2